| 000 | 01158nam a22003497a 4500 | ||
|---|---|---|---|
| 003 | CHAP | ||
| 005 | 20220817043009.0 | ||
| 008 | 971013s1994 r 00010 d | ||
| 010 | _a62292 | ||
| 011 | _a63264 | ||
| 035 | _a67440 | ||
| 040 | _cCHAP | ||
| 082 |
_a331 _bD4 |
||
| 100 | 0 | 0 |
_aDemange, Nilson Joseph. _931719 |
| 245 | _aInternacinalizaçao no Japao e a América Latina | ||
| 260 |
_aNanzan, Japón : _bUniversidad de Nanzan. Centro de Estudios de América Latina, _c1994 |
||
| 300 | _a113 p. | ||
| 490 |
_aWorking paper. Monografía _v; 12 |
||
| 590 |
_aBATCH-UPD _b10 _c20130110 _lUCH01 _h0444 |
||
| 590 |
_aBATCH-UPD _b10 _c20130410 _lUCH01 _h0120 |
||
| 590 |
_aBATCH-UPD _b10 _c20130914 _lUCH01 _h1140 |
||
| 590 |
_aCONVERSION _b10 _c20130109 _lUCH01 _h1333 |
||
| 650 | 1 | 4 |
_aRecursos humanos. _995137 |
| 650 | 1 | 4 |
_aTrabajadores migratorios. _9114475 |
| 650 | 1 | 4 | _aTrabajo y trabajadores. |
| 700 | 0 |
_aIto, Akihito. _960688 |
|
| 700 | 0 |
_aKawamura, Lili Katsuco. _962835 |
|
| 830 | 0 |
_aWorking paper. Monografía _v; 12 _9122632 |
|
| 901 | _aBK | ||
| 942 | _cLIBRO | ||
| 949 |
_a331 D4 _bBC _cLIBRO _d33724000634523 _eLIBRO _gI.c/e _h91857 _i67440 _sb |
||
| 999 |
_c62292 _d62292 |
||